书目信息 |
| 题名: |
土工实训
|
|
| 作者: | 王玉珏 主编 | |
| 分册: | ||
| 出版信息: | 北京 机械工业出版社 2007.07 |
|
| 页数: | 183页 | |
| 开本: | 26cm | |
| 丛书名: | ||
| 单 册: | ||
| 中图分类: | TU41 | |
| 科图分类: | ||
| 主题词: | 土工试验--tu gong shi yan--高等教育--教材 | |
| 电子资源: | ||
| ISBN: | 978-7-111-21509-7 | |
| 000 | 00893nam0 2200241 450 | |
| 001 | 012008101023 | |
| 005 | 20120408091614.68 | |
| 010 | @a978-7-111-21509-7@dCNY18.80 | |
| 100 | @a20080113d2007 em y0chiy0120 ea | |
| 101 | 0 | @achi |
| 102 | @aCN@b110000 | |
| 105 | @aak a 000yy | |
| 200 | 1 | @a土工实训@Atu gong shi xun@f王玉珏主编@Fwang yu jue zhu bian |
| 210 | @a北京@c机械工业出版社@d2007.07 | |
| 215 | @a183页@c图@d26cm | |
| 300 | @a普通高等教育“十一五”国家级规划教材, 高等职业教育规划教材 | |
| 320 | @a有书目 (第178页) | |
| 330 | @a本书共6章,包括土工室内试验、土的现场原位试验、基桩静载荷试验和基桩的动力测试技术等。对所述试验的基本原理、仪器设备、测试方法、测试资料的整理和分析等作了介绍。 | |
| 606 | 0 | @a土工试验@Atu gong shi yan@x高等教育@j教材 |
| 690 | @aTU41@v4 | |
| 701 | 0 | @a王玉珏@Awang yu jue@4主编 |
| 801 | 0 | @aCN@bQSSK@c20080114 |
| 905 | @b277435-37@dTU41@eW442@f3 | |
| 土工实训/王玉珏主编.-北京:机械工业出版社,2007.07 |
| 183页:图;26cm |
| 普通高等教育“十一五”国家级规划教材, 高等职业教育规划教材 |
| ISBN 978-7-111-21509-7:CNY18.80 |
| 本书共6章,包括土工室内试验、土的现场原位试验、基桩静载荷试验和基桩的动力测试技术等。对所述试验的基本原理、仪器设备、测试方法、测试资料的整理和分析等作了介绍。 |
| ● |
| 相关链接 |
|
|
|
正题名:土工实训
索取号:TU41/W442
 
预约/预借
| 序号 | 登录号 | 条形码 | 馆藏地/架位号 | 状态 | 备注 |
| 1 | 277435 | 202774355 | 建筑库101/101建筑库 94排3列3层/ [索取号:TU41/W442] | 在馆 | |
| 2 | 277436 | 202774364 | 建筑库101/101建筑库 94排3列3层/ [索取号:TU41/W442] | 在馆 | |
| 3 | 277437 | 202774373 | 建筑库101/101建筑库 94排3列3层/ [索取号:TU41/W442] | 在馆 | |
| 4 | 485864 | 204858644 | 土木与交通工程学院资料室/ [索取号:TU41/W442] | 在馆 | |
| 5 | 485966 | 204859661 | 土木与交通工程学院资料室/ [索取号:TU41/W442] | 在馆 |